000 00451nam a22001817a 4500
003 koha_MIRAKIL
005 20231213095451.0
008 231213b |||||||| |||| 00| 0 ||| d
020 _b978-9-75289821-9
040 _aTR-IsEVY
_btur
_cTR-IsEVY
082 _a813.42 KUL/H
100 _aKULİN, AYŞE.
245 0 _aHÜZÜN DÜRBÜNÜMDE KIRK SENE.
260 _bTimaş,
_c2013
300 _a281.
650 _aTürk Edebiyatı.
942 _2ddc
_cBK
999 _c4126
_d4126